| 000 | 03053cam a22006134i 4500 | ||
|---|---|---|---|
| 003 | PE-LiUPU | ||
| 005 | 20250731165515.0 | ||
| 008 | 180918s2015 ag a rb 000 0 spa d | ||
| 020 | _a9875914665 | ||
| 020 | _a9789875914667 | ||
| 035 | _a(Sirsi) a250096 | ||
| 040 |
_aPE-LiUPU _bspa _cPE-LiUPU _erda |
||
| 049 | _aPRUA | ||
| 082 | 0 | 4 |
_a001.427 _bO41 |
| 100 | 1 |
_aOlaz, Fabián O., _eautor. |
|
| 245 | 1 | 0 |
_aMetodología de la investigación para estudiantes de psicología : _bmanual de entrenamiento / _cFabian O. Olaz; Leonardo A Medrano. |
| 264 | 1 |
_aBuenos Aires, Argentina : _bBrujas, _c2015. |
|
| 300 |
_a177 páginas : _bilustraciones ; _c23 centímetros |
||
| 336 |
_atext _2rdacontent |
||
| 337 |
_aunmediated _2rdamedia |
||
| 338 |
_avolume _2rdacarrier |
||
| 505 | 0 | _aLa invistigación como proceso de construción epistémica -- Herramientas y recursos para la busqueda de información en Psicología -- Lectura y redacción de un artículo Cientifico -- Redacción Cientifica -- Normas para citas y referencias bibliograficas -- La presentación de trabajos de invistigación -- Epilogo -- Referencias -- Apéndices Recursos para la busqueda de información -- Guía resumen para la Ecritura de un texto expositivo. | |
| 526 | _aSEG44 | ||
| 526 | _aSEG26 | ||
| 526 | _aP151 | ||
| 526 | _aP150 | ||
| 526 | _aP149 | ||
| 526 | _aP146 | ||
| 526 | _aP145 | ||
| 526 | _aP126 | ||
| 526 | _aP125 | ||
| 526 | _aP92 | ||
| 526 | _aP75 | ||
| 526 | _aP74 | ||
| 526 | _aP27 | ||
| 526 | _aP15 | ||
| 541 | _g002-000300; | ||
| 541 | _g002-000300; | ||
| 541 | _g002-00001571; | ||
| 650 | 0 | 4 | _aMetodos de la investigación. |
| 650 | 0 | 4 | _aEnseñanza universitaria. |
| 910 |
_armch _btqv _cjfb _d20180918 |
||
| 910 |
_armch _btqv _cjfb _d20190122 |
||
| 910 |
_abgr _bncf _cncf _d20190813 |
||
| 942 |
_2ddc _cBOOK |
||
| 949 |
_a001.427 O41 2015 _wDEWEY _c1 _iFJ11640 _lCCODEBUJ1 _mBUJ _p18.00 _r0 _sY _tBOOK _u2018-09-18 _xSALUD _PP33 _0COMPRA _o.STAFF. Colección General Juliaca |
||
| 949 |
_a001.427 O41 2015 _wDEWEY _c1 _iFJ12395 _lCCODEBUJ1 _mBUJ _p17.00 _r0 _sY _tBOOK _u2019-01-22 _xSALUD _PP33 _0COMPRA _o.STAFF. Colección General Juliaca |
||
| 994 |
_aCO _bPEPRU |
||
| 596 | _a1 3 | ||
| 598 | _aCATALOGING | ||
| 999 |
_a001.427 O41 2015 _wDEWEY _c29610 _iFJ11640 _d29610 _f2021-12-27 _g2 _lCCODEBUJ1 _mBUJ _p18.00 _q1 _r0 _sY _tBOOK _u2018-9-18 _xFCE _zP33 _0COMPRA _1FCOMPRA _o.STAFF. Colección General Juliaca |
||
| 999 |
_a001.427 O41 2015 _wDEWEY _c2 _iFJ12395 _d2019-4-2 _e2019-3-31 _f2021-12-27 _g2 _lCCODEBUJ1 _mBUJ _n1 _p17.00 _q1 _r0 _sY _tBOOK _u2019-1-22 _xSALUD _PP33 _0COMPRA _1FCOMPR2 _2UNKNOWN _o.STAFF. Colección General Juliaca |
||
| 999 |
_a001.427 O41 _wDEWEY _c1 _i80149 _f2021-11-4 _g3 _lCCODEBUL1 _mBUL _p14.49 _r0 _sY _tBOOK _u2019-8-13 _xBIBLIOTECA _PP33 _0COMPRA _1FCOMPR3 _o.STAFF. Colección Ciencias de la Salud |
||
| 980 |
_81 _gALBERTO SANCHEZ Responsable de Automatización |
||